Direito processual de polícia judiciária / (Record no. 144)

MARC details
000 -LÍDER
Campo Fixo de Controle 01113cam a2200301 a 4500
001 - NÚMERO DE CONTROLE
Campo de Controle 144
003 - IDENTIFICAÇÃO DO NÚMERO DE CONTROLE
Campo de Controle BR-CuiBMT
005 - DATA E HORA DA ÚLTIMA ATUALIZAÇÃO
Campo de Controle 20231129134631.0
008 - DADOS FIXOS
Dados Fixos 230821s2020 mgba 000 0 por d
020 ## - INTERNATIONAL STANDARD BOOK NUMBER
Nº do ISBN 9788545006190 (v. 1)
020 ## - INTERNATIONAL STANDARD BOOK NUMBER
Nº do ISBN 9788545006206 (v. 2)
040 ## - AGÊNCIA CATALOGADORA
Código da Agência Catalogadora BR-CuiBMT
Agência que transcreveu o registro BR-CuiBMT
080 ## - Nº DA CLASSIFICAÇÃO DECIMAL UNIVERSAL
Nº edição CDU 2007
Nº Class. CDU 343.1
090 ## - NÚMERO DE CHAMADA
Nº classificação 343.1
Cutter D598
245 00 - TÍTULO PRINCIPAL
Título principal Direito processual de polícia judiciária /
Indicação de responsabilidade Eliomar da Silva Pereira, Márcio Adriano Anselmo, organizadores.
260 ## - PUBLICAÇÃO, DISTRIBUIÇÃO, ETC.
Local de publicação Belo Horizonte :
Editora Fórum,
Data 2020.
300 ## - DESCRIÇÃO FÍSICA
N. páginas ou volumes 2 v. :
Ilustrações il. ;
Dimensões 22 cm
490 1# - INDICAÇÃO DE SÉRIE
Título da série Curso de direito de polícia judiciária ;
Volume/designação sequencial da série v. 4-5
504 ## - NOTA DE BIBLIOGRAFIA, ETC.
Nota de bibliografia Inclui bibliografia.
505 0# - NOTA DE CONTEÚDO
Nota de conteúdo v. 1. O procedimento de inquérito policial -- v. 2. Os meios de obtenção de prova.
650 ## - ASSUNTO TÓPICO
Cabeçalho tópico ou nome geográfico Investigação criminal
Subdivisão geral Procedimentos
650 ## - ASSUNTO TÓPICO
Cabeçalho tópico ou nome geográfico Direito processual penal
Subdivisão geral Polícia judiciária
650 ## - ASSUNTO TÓPICO
Cabeçalho tópico ou nome geográfico Inquérito policial
Subdivisão geral Coleta de provas
700 1# - ENTRADA SECUNDÁRIA -- NOME PESSOAL
Nome pessoal Pereira, Eliomar da Silva
Cód. do termo explicativo org.
700 1# - ENTRADA SECUNDÁRIA -- NOME PESSOAL
Nome pessoal Anselmo, Márcio Adriano
Cód. do termo explicativo org.
830 #0 - ENTRADA SECUNDÁRIA DE SÉRIE -- TÍTULO UNIFORME
Título uniforme Curso de direito de polícia judiciária ;
Nº do volume/designação sequencial da série 4-5
942 ## - ELEMENTOS DE ENTRADA ADICIONAIS (KOHA)
Fonte de classificação ou esquema de arquivamento Classificação Decimal Universal
Tipo de item do Koha Livros
Holdings
Estado: removido Estado: perdido Fonte de classificação ou esquema de arquivamento Estado: danificado Indisponível para empréstimo Localização permanente Localização atual Data de aquisição Numeração serial ou cronológica (Volume) Total Checkouts Número de Chamada completo Código de barras Date last seen Número do exemplar Preço efetivo a partir de Tipo de item (Koha)
    Classificação Decimal Universal     Biblioteca da Escola Superior de Contas do TCE/MT Biblioteca da Escola Superior de Contas do TCE/MT 28/07/2023 v. 2   343.1 D598 BIBTCEMT23080078 11/08/2023 Ex. 1 11/08/2023 Livros
    Classificação Decimal Universal     Biblioteca da Escola Superior de Contas do TCE/MT Biblioteca da Escola Superior de Contas do TCE/MT 28/07/2023 v. 1   343.1 D598 BIBTCEMT23080121 21/08/2023 Ex. 1 21/08/2023 Livros

Powered by Koha